000 00387nam a2200145Ia 4500
008 231129s1993||||xx |||||||||||||| ||spa||
020 _a958-07-0059-1
040 _bspa
082 _aB869.4 N511a
100 _aNeves Luis Carlos
245 0 _aAntojo de oso
260 _c1993
264 _aMedellin Colombia : Edilux Ediciones
942 _2ddc
_cBKS
999 _c5242
_d5242